000 00476nam a22001577a 4500
003 OSt
005 20120302144248.0
008 090312t xxu||||| |||| 00| 0 eng d
035 _a११२७
040 _cमराठी
100 _aसरदेसाई, लक्ष्मणराव
_91738
245 _aमांडवी ! तूं आटलीस ?
260 _aपुणे
_bदेशमुख
300 _b२३२ पाने
942 _2ddc
_cBOOK
999 _c486906
_d486903